WNBA DPOYs - Statistics

General Stats
  • This quiz has been taken 10 times
  • The average score is 21 of 30
Answer Stats
Hint Answer % Correct
2025 A'ja Wilson
100%
2023 A'ja Wilson
100%
2022 A'ja Wilson
100%
2015 Brittney Griner
100%
2014 Brittney Griner
100%
2025 Alanna Smith
75%
2020 Candace Parker
75%
2008 Lisa Leslie
75%
2004 Lisa Leslie
75%
2024 Napheesa Collier
75%
2003 Sheryl Swoopes
75%
2002 Sheryl Swoopes
75%
2000 Sheryl Swoopes
75%
2021 Sylvia Fowles
75%
2016 Sylvia Fowles
75%
2013 Sylvia Fowles
75%
2011 Sylvia Fowles
75%
2012 Tamika Catchings
75%
2010 Tamika Catchings
75%
2009 Tamika Catchings
75%
2006 Tamika Catchings
75%
2005 Tamika Catchings
75%
2007 Lauren Jackson
50%
2019 Natasha Howard
50%
1999 Yolanda Griffith
50%
2018 Alana Beard
25%
2017 Alana Beard
25%
2001 Debbie Black
25%
1998 Teresa Weatherspoon
25%
1997 Teresa Weatherspoon
25%
No matching quizzes found
Score Distribution
Percent of People with Each Score
Percentile by Number Answered
Your Score History
You have not taken this quiz